000 00550nam a22001817a 4500
999 _c8353
_d8353
008 201113b ||||| |||| 00| 0 eng d
040 _aBMS College of Architecture
100 _aKumar, N Nikhil
245 _aInstitute of sports for olympic promotion
300 _a56p.
500 _a1BM15AT057
502 _8B,Arch
_NBMS College of Architecture, Visvesvaraya Technological University (VTU)
_aProject report
_d2019
650 _aInstitute
650 _aSports
700 _aPrathima
_eGuide
700 _aBhavesh Mehta
_eGuide
942 _2ddc
_cTHE